| 000 | 01440cas a2200241 a 4500 | ||
|---|---|---|---|
| 005 | 20240903105835.0 | ||
| 006 | s|||||o|||| 00| 0 | ||
| 008 | 991125c2007 mx qr p|o 000 0 spa d | ||
| 022 | _a1870-8137 | ||
| 035 | _aUPN01000205361 | ||
| 040 |
_aMX-MxUPN _bspa _eaacr2 _cMX-MxUPN |
||
| 049 | _aREV-E | ||
| 245 | 0 | 0 |
_aEutopía _b: revista del Colegio de Ciencias y Humanidades para el Bachillerato _h[recurso electrónico en línea] |
| 260 |
_aDistrito Federal, México : _bUNAM, Colegio de Ciencias y Humanidades, _c2007- |
||
| 310 | _aTrimestral | ||
| 506 | 0 | _aAcceso abierto | |
| 520 | 1 | _a"La publicación está dirigida fundamentalmente a los profesores y directivos de las instituciones educativas de Nivel Medio Superior en México, sin por ello dejar de procurar otros lectores, en particular los estudiantes y quienes estén interesados en temas del bachillerato nacional. Se propone ser un medio para presentar y discutir los asuntos académicos sustanciales del bachillerato, compartir y promover los avances disciplinarios y pedagógicos concernientes a nuestras comunidades académicas, y consolidarla como un recurso capaz de contribuir al conocimiento y colaboración mutua de las instituciones de Educación Media Superior (EMS) del país". | |
| 650 | 7 |
_aEducación media superior _92253 |
|
| 653 | 0 | _aBachillerato | |
| 856 | 4 | 0 | _uhttp://www.cch.unam.mx/comunicacion/eutopia |
| 905 | _aRevista | ||
| 942 | _cREV-E | ||
| 999 |
_c177462 _d177462 |
||